Dimmi Che Credi Al Destino

Gardado en:
Detalles Bibliográficos
Autor Principal: Luca Bianchini
Formato: Libro
Idioma:lingua descoñecida ou non válida
Publicado: Mondatori
Tags: Engadir etiqueta
Sen Etiquetas, Sexa o primeiro en etiquetar este rexistro!

MARC

LEADER 00000nam a2200000Ia 4500
001 R-337
003 CODICE-MESSINA
005 20260212102450.0
008 260211s9999 xx 000 0 und d
040 |c importazione_messina 
100 |a Luca Bianchini 
245 0 |a Dimmi Che Credi Al Destino 
260 |b Mondatori 
942 |2 ddc  |c BK 
952 |0 0  |1 0  |2 ddc  |4 0  |6 SCAFFALE_4_000000000000000__LETTERATURA  |7 0  |9 31159  |a ME  |b ME  |d 2026-02-11  |l 0  |o SCAFFALE 4 - LETTERATURA  |p R-337  |r 2026-02-11 23:52:22  |w 2026-02-11  |x [REVISIONARE]  |y BK 
999 |c 26821  |d 26821